Bước đầu tìm hiểu những đóng góp của Phụ nữ Việt Nam trong sự nghiệp dựng nước và giữ nước từ thế kỉ XI đến thế kỉ XV
Bước đầu tìm hiểu về những đóng góp của Phụ nữ Việt Nam trong sự nghiệp dựng nước và giữ nuwóc từ thế kỷ XI đến XV. Một vài nét về địa vị người Phụ nữ Việt Nam dưới chế độ phong iến nói chung và trong các thế kỷ này.
Spremljeno u:
| Glavni autor: | |
|---|---|
| Daljnji autori: | |
| Format: | Knjiga |
| Jezik: | Vietnamese |
| Izdano: |
H.
Đại học Sư phạm
1984
|
| Teme: | |
| Oznake: |
Dodaj oznaku
Bez oznaka, Budi prvi tko označuje ovaj zapis!
|
| Thư viện lưu trữ: | Mạng thư viện Đại học Đà Nẵng |
|---|
| LEADER | 01646nam a2200349 4500 | ||
|---|---|---|---|
| 001 | 000012290 | ||
| 003 | 8584 | ||
| 005 | 20120217100203.0 | ||
| 008 | 120217s1984 viesd | ||
| 041 | |a vie | ||
| 072 | |a Khóa luận tốt nghiệp | ||
| 082 | |a 305.4 |b NG-C | ||
| 100 | |a Nguễn, Thị Chín |e Tác giả | ||
| 245 | |a Bước đầu tìm hiểu những đóng góp của Phụ nữ Việt Nam trong sự nghiệp dựng nước và giữ nước từ thế kỉ XI đến thế kỉ XV |c Nguyễn Thị Chín | ||
| 260 | |a H. |b Đại học Sư phạm |c 1984 | ||
| 300 | |a 61 tr. |c 29 cm | ||
| 500 | |a Khóa luận tốt nghiệp khoa Lịch sử. Chuyên ngành: Lịch sử Việt Nam | ||
| 520 | |a Bước đầu tìm hiểu về những đóng góp của Phụ nữ Việt Nam trong sự nghiệp dựng nước và giữ nuwóc từ thế kỷ XI đến XV. Một vài nét về địa vị người Phụ nữ Việt Nam dưới chế độ phong iến nói chung và trong các thế kỷ này. | ||
| 653 | |a Phụ nữ Việt Nam | ||
| 653 | |a Dựng nước | ||
| 653 | |a Giữ nước | ||
| 700 | |a Nguyễn Cảnh Minh |c Th.S |e Hướng dẫn | ||
| OWN | |a LSP | ||
| AVA | |a UDN50 |b LSP |d 305.4 NG-C |e available |t Error 5001 Not defined in file expand_doc_bib_avail. |f 1 |g 0 |h N |i 0 |k 1 | ||
| 999 | |a From the UDN01 | ||
| AVA | |a UDN50 |b LSP |d 305.4 NG-C |e available |t Error 5001 Not defined in file expand_doc_bib_avail. |f 1 |g 0 |h N |i 0 |k 1 | ||
| TYP | |a Monograph | ||
| TYP | |a Printed language | ||
| 980 | |a Mạng thư viện Đại học Đà Nẵng | ||